000 00618nam a2200181 a 4500
008 120416s1999 ||||||||||||||||| || u
020 _a074942964X
050 _aHF 5549 Arm
100 _aArmstrong, Michael
245 1 2 _aA handbook of human resource management practice. (7th ed.)
250 _a7th ed.
260 _aLondon:
_bKogan Page
_c1999
300 _axx, 922p. : ill.
350 _a0.00
650 _aHUMAN RESOURCES MANAGEMENT
650 0 _aMANAGEMENT
995 _D0.00
_FCBU-MAIN LIBRARY (Kitwe)
_H1
_I24.95
_M1
_UDAMAGED
_ZMain Library Open Access Collection
999 _c45280
_d45280